| 000 | 00462nam a2200169Ia 4500 | ||
|---|---|---|---|
| 999 |
_c429 _d429 |
||
| 003 | OSt | ||
| 005 | 20200709145601.0 | ||
| 008 | 190216s9999||||xx |||||||||||||| ||und|| | ||
| 040 | _coclc | ||
| 082 |
_a297.61 _bABD/P |
||
| 100 |
_aAbdurahim, C T _93701 |
||
| 245 | 0 |
_aPravachakanmar / _cC T Abdurahim |
|
| 260 |
_bAl-Huda Book Stall, _c1983. _aManjeri: |
||
| 300 | _a62p | ||
| 650 | _aArabic | ||
| 942 |
_cBK _2ddc _h297.61 _iABD/P _k297.61 _mABD/P |
||